1320 1753 1861 1798 1925 1798 1724 1769 1556 1556 1745 1459 1340 1038 1989 1013 1480 1006 1690 1767 1496 1639 1878 1859 1557 1835 1121 1397 1000 1328 1787 1299 1106 1608 1109 1412 1939 1825 1458 1250 1097 1317 1378 1681 1149 1369 1349 1203 1974 1253 1185 1688 1716 1940 1195 1188 1274 1511 1218 1032 1199 1303 1069 1004 1318 1125 1922 1627 1325 1812 1756 1812 1505 1684 1514 1091 1118 1262 1902 1231 1523 1723 1170 1083 1916 1014 1894 1703 1149 1122 1104 1377 1609 1411 1905 1730 1000 1873 1803 BCNSPRNW ULIB Ver.6.0+V

เปลี่ยนเป็นภาษาไทย

Change to English
 แสดงรายละเอียดบรรณานุกรม
  กลับหน้าหลัก

Brief Record : Get Marc (ISO 2709) : E-mail record : QR code < ปิดหน้าต่าง
LEADER : 00000nam 2200000uu 4500
001    13399108094
003     ULIB
008    110216s2543||||th 000 0 tha d
020    9746781812
060 04 QU4^bพ171ต 2543
245 00 ตำราชีวเคมี /^cบรรณาธิการ พจน์ ศรีบุญลือ...[และคนอื่นๆ]
250    พิมพ์ครั้งที่ 3
260    ขอนแก่น :^bภาควิชาชีวเคมี คณะแพทยศาสตร์ มหาวิทยาลัยขอนแก่น,^c2543
300    576 หน้า :^bภาพประกอบ
650  7 ชีวเคมี
650  7 ชีวโมเลกุล
700 0  เปรมใจ อารีจิตรานุสรณ์,^cบรรณาธิการ
710 2  มหาวิทยาลัยขอนแก่น. ^bคณะแพทยศาสตร์. ^bภาควิชาชีวเคมี
945    ^p280^l0^i012634
945    ^p280^l0^i012632
945    ^p280^l0^i012630
945    ^p280^l0^i012631
945    ^p280^l0^i012629
945    ^p280^l0^i012633
995    ทศพร
999 ^a ใช้งานได้ทุกระบบ
รายการนี้ยังไม่มีแท็ก
คุณยังไม่ได้ล็อกอิน คุณสามารถมีกิจกรรมร่วมกับเว็บไซต์ได้ แต่ต้องล็อกอินก่อน ::
  ล็อกอิน

รายการสื่อสารสนเทศ

ลำดับที่ ประเภท เลขเรียก/บาร์โค้ด สถานที่ สถานะ
- ไม่พบข้อมูล -

รายการใกล้เคียง
    หัวเรื่อง [ชีวเคมี]
    หัวเรื่อง [ชีวโมเลกุล]

BibComment


ยังไม่เคยถูกคอมเมนท์

คอมเมนท์ทรัพยากรรายการนี้
  คอมเมนท์: ตำราชีวเคมี บรรณ..


 Copyright 2026. Bcnsprnw @Library